Escola del Treball : Generalitat de Catalunya Generalitat de Catalunya
Descripción Física:
[2] p. : il. ; 17 cm
MARC
| LEADER | 00000nam a2200000Ia 4500 | ||
|---|---|---|---|
| 001 | 22589 | ||
| 008 | 160829s1935 xx 000 0 cat d | ||
| 080 | |a RF-15-109 | ||
| 110 | 2 | |a Escola del Treball (Barcelona, Catalunya) |9 54586 | |
| 245 | |a Escola del Treball : |b Generalitat de Catalunya | ||
| 260 | |a Barcelona : |b E.C.O.P., |c 1935 | ||
| 300 | |a [2] p. : |b il. ; |c 17 cm | ||
| 590 | |a Invitació a l'exposició escolar del curs 1934-35. | ||
| 590 | |a Prové de 4032, exp. 102 | ||
| 610 | 2 | 0 | |9 54586 |a Escola del Treball (Barcelona, Catalunya) |
| 710 | 1 | |a Catalunya. |b Generalitat |9 12125 | |
| 856 | 4 | |u https://media.diba.cat/diba/fitxers/arxiu/fulletons/bib_22589_1935_baixa.pdf |y Accés lliure | |
| 856 | 4 | |u https://media.diba.cat/diba/fitxers/arxiu/fulletons/bib_22589_1935_baixa.pdf |y Accés lliure | |
| 900 | |a bib_22589_1935_baixa.pdf | ||
| 901 | |a Arxiu | ||
| 942 | |n 1 |2 udc | ||
| 952 | |0 0 |1 0 |4 0 |6 RF15109 |7 1 |9 53939 |a Arxiu |b Arxiu |d 2016-12-01 |l 0 |o RF-15-109 |p 22589 |r 2016-12-01 00:00:00 |w 2016-12-01 |y ARXIU | ||
| 999 | |c 57806 |d 57806 | ||